Languages : Animals from Estonian to English - Statistics

General Stats
  • This quiz has been taken 292 times
  • The average score is 8 of 10
Answer Stats
Estonian And english % Correct
Koer Dog
98%
Kass Cat
96%
Lehm Cow
87%
Lind Bird
83%
Hai Shark
82%
Lammas Sheep
81%
Karu Bear
77%
Hunt Wolf
72%
Lovi Lion
69%
Tibu Chicken
62%
No matching quizzes found
Score Distribution
Percent of People with Each Score
Percentile by Number Answered
Your Score History
You have not taken this quiz